Star Wars quotes - Statistics

General Stats
  • This quiz has been taken 11 times
  • The average score is 12 of 17
Answer Stats
Episode Character Quote Rest of the quote % Correct
5 Darth Vader No, i am your______ father
100%
Multiple Multiple I've got a bad_______ about this feeling
100%
4 Obi Wan Kenobi The_____ will be with you. Always force
100%
6 Admiral Ackbar It's a____ trap
100%
5 Yoda Do or do not. There is no___ try
100%
4 Obi-Wan Kenobi These aren't the_____ you're looking for droids
91%
4 Darth Vader I find your lack of_____ disturbing faith
91%
3 Darth Sidious _____! Unlimited_____ power
91%
4 Leai Organa Aren't you a little short for a____________ stormtrooper
91%
1 Qui-Gonn Jinn There's always a bigger____ fish
82%
Rogue One Chirrut Imwe I'm one with the _____. The_____ is with me force
73%
3 Obi-Wan Kenobi It's over Anakin! I have the____ _____ high ground
64%
3 Palpatine ___ it Do
45%
5 Han Solo Laugh it up________ fuzzball
45%
3 Padme Amidala So this is how______dies. With thunderous applause liberty
45%
Rogue One Saw Gerrera Save the Rebellion. Save the_____ dream
9%
2 Mace Windu This______over party's
9%
No matching quizzes found
Score Distribution
Percent of People with Each Score
Percentile by Number Answered
Your Score History
You have not taken this quiz